banner-ar

القيمة التاريخية والحضارية للنقود الاسلامية فى الهند فى عهد سلطنة دهلى / (Record no. 65794)

MARC details
000 -الفاتح
حقل البيانات ثابتة الطول 01386nam a22002897a 4500
005 - وقت وتاريخ اخر تعامل مع التسجيلة
رقم الضبط 20240530110843.0
008 - عناصر البيانات ثابتة الطول - معلومات عامة
حقل البيانات ثابتة الطول 200912s2020 ua a f b 000 0dara d
017 ## - رقم الايداع القانونى
رقم الايداع القانونى 2019/3921
المصدر ( الهيئة المختصة) مصر. دار الكتب
020 ## - الرقم الدولى المعيارى للكتب
الرقم الدولى المعيارى للكتاب 9789777359306
040 ## - مصدر الفهرسة
وكالة الفهرسة الأصلية EG-CaGPL
وكالة النسخ EG-CaGPL
082 04 - رقم تصنيف ديوى العشرى
رقم الطبعة 21
رقم التصنيف 737.4
رقم المادة ع ق
100 0# - المدخل الرئيسى - إسم شخصى
الإسم الشخصى عثمان سلامة عطية محمد
245 12 - بيان العنوان
العنوان القيمة التاريخية والحضارية للنقود الاسلامية فى الهند فى عهد سلطنة دهلى /
بيان المسئوليه,etc حنان عبدالفتاح مطاوع ؛ تقديم كامل عنانى اسماعيل
250 ## - بيان الطبعة
بيان الطبعة ط.1
260 ## - PUBLICATION, DISTRIBUTION, ETC. (IMPRINT)
تاريخ النشر أو التوزيع 2020
300 ## - الوصف المادى
التعداد 451 ص. :
تفاصيل ماديه اخرى للوعاء صور لو ؛
أبعاد الوعاء 24 سم.
504 ## - تبصرة ببليوجرافية
تبصرة ببليوجرافية,الخ يشتمل على ارجاعات ببليوجرافية
650 07 - المدخل الاضافى بالموضوع-مصطلح موضوعى
مصطلح موضوعي النقود الاسلامية
مصدر الرأس أو المصطلح qrmak
650 07 - المدخل الاضافى بالموضوع-مصطلح موضوعى
مصطلح موضوعي النقود الاسلامية
التقسيم الفرعي الجغرافي الهند
التقسيم الفرعي الزمني عهد سلطنة دهلى
مصدر الرأس أو المصطلح qrmak
650 07 - المدخل الاضافى بالموضوع-مصطلح موضوعى
مصطلح موضوعي النقود الاسلامية
مصدر الرأس أو المصطلح qrmak
التقسيم الفرعي الجغرافي الهند
650 07 - المدخل الاضافى بالموضوع-مصطلح موضوعى
مصطلح موضوعي النقود الفضية
التقسيم الفرعي الجغرافي الهند
650 07 - المدخل الاضافى بالموضوع-مصطلح موضوعى
مصطلح موضوعي النقود الذهبية
التقسيم الفرعي الجغرافي الهند
651 07 - المدخل الاضافى بالموضوع - اسم جغرافى
الاسم الجغرافي الهند
التقسيم الفرعي العام تاريخ
التقسيم الفرعي الزمني الفتح الاسلامى
مصدر الرأس أو المصطلح qrmak
700 0# - المدخل الاضافى - اسم شخصى
الإسم الشخصى كامل عنانى اسماعيل
الدور مقدم
942 ## - عناصر المدخل الإضافي( كوها)
مصدر التصنيف او مخطط الترفيف Dewey Decimal Classification
Koha [default] item type كتاب
260 ## - PUBLICATION, DISTRIBUTION, ETC. (IMPRINT)
-- الاسكندرية :
-- دار الوفاء لدنيا الطباعة و النشر،
Holdings
حالة التراجع حالة الفقد حالة تلف ليس للاعارة المكان المؤقت الموقع الحالى موقع الترفيف تاريخ الاكتساب اجمالي اﻻعارات رقم الطلب الباركود تاريخ اخر مشاهدة تاريخ تفعيل السعر نوع وعاء كوها
        مكتبة القاهرة الكبرى مكتبة القاهرة الكبرى   10/03/2020   737.4\ع ق 166915 10/03/2020 10/03/2020 كتاب

Powered By

EGPV